Statistics for Words with Colors Quiz

Click here to take the quiz!

General Stats

  • This quiz has been taken 24,807 times
  • The average score is 12 of 20

Answer Stats

DefinitionWord% Correct
Glass building for growing plantsGreenhouse
85%
Power failureBlackout
83%
Type of eye infectionPinkeye
82%
Fast breed of dogGreyhound
76%
Mature male gorillaSilverback
75%
Giant Californian treeRedwood
71%
CowardlyYellow
70%
ExtortionBlackmail
67%
British soldier, circa 1700-1900Redcoat
65%
HickRedneck
63%
Ye old metal workerBlacksmith
60%
Type of country musicBluegrass
56%
To strand on an islandMaroon
56%
ConiferEvergreen
51%
AsphaltBlacktop
49%
AristocratBlueblood
47%
To suck upBrownnose
47%
Type of New York City townhouseBrownstone
42%
MercuryQuicksilver
40%
Wave with a crest of foamWhitecap
34%

Score Distribution

Percentile by Number Answered

Percent of People with Each Score

Your Score History

You have not taken this quiz